[Event "Kandidatklassen"]
[Site "Skorping"]
[Date "2017.04.11"]
[Round "1"]
[White "Christensen, Tobias Bent"]
[Black "Thuesen, Mogens Henrik"]
[Result "1/2-1/2"]
[WhiteElo "2361"]
[BlackElo "2192"]
[PlyCount "118"]
[EventDate "2017.04.11"]

1. c4 Nf6 2. Nf3 g6 3. d4 Bg7 4. Nc3 O-O 5. e4 d6 6. Be2 e5 7. dxe5 dxe5 8.
Qxd8 Rxd8 9. Bg5 Re8 10. O-O-O Na6 11. Nxe5 Nc5 12. Bxf6 Bxf6 13. f4 c6 14. Rd6
Bxe5 15. fxe5 Be6 16. Rhd1 Re7 17. g4 Nd7 18. Nd5 cxd5 19. exd5 Bxg4 20. Bxg4
Nxe5 21. Rd4 Rc7 22. b3 b5 23. Ra6 bxc4 24. d6 Rc5 25. b4 Rb5 26. d7 Rd8 27.
Rxa7 Rxb4 28. Rc7 Kf8 29. Bd1 Ke7 30. a3 Rb6 31. Rc5 Nd3+ 32. Rxd3 cxd3 33. Ba4
Rd6 34. Kd2 Rb8 35. Rc8 Rb2+ 36. Kc1 Rc2+ 37. Bxc2 dxc2 38. Kxc2 Kxd7 39. Rb8
Rf6 40. Kc3 Rf2 41. h4 Rf3+ 42. Kb2 h5 43. Rb4 f6 44. a4 g5 45. Rb5 g4 46. Rxh5
g3 47. Rh7+ Kc6 48. Rg7 f5 49. h5 f4 50. h6 Rf2+ 51. Kc3 Rh2 52. Kd3 Rxh6 53.
Ke4 Rf6 54. Kf3 Kb6 55. Rg5 Ka6 56. Rd5 Rg6 57. Rd1 Rf6 58. Rd5 Rf7 59. Rg5 Rf6
1/2-1/2

[Event "Kandidatklassen"]
[Site "Skorping"]
[Date "2017.04.11"]
[Round "1"]
[White "Ramsdal, Jens Albert"]
[Black "Aabling Thomsen, Jakob"]
[Result "0-1"]
[WhiteElo "2204"]
[BlackElo "2384"]
[PlyCount "56"]
[EventDate "2017.04.11"]

1. e4 c5 2. Nf3 d6 3. d4 cxd4 4. Nxd4 Nf6 5. Nc3 g6 6. Be3 Bg7 7. f3 O-O 8. Qd2
Nc6 9. Bc4 Bd7 10. O-O-O Rc8 11. Bb3 Nxd4 12. Bxd4 b5 13. Kb1 a5 14. a4 bxa4
15. Nxa4 Bxa4 16. Bxa4 Rc4 17. Bb3 Nxe4 18. Qe3 Rxd4 19. Rxd4 Bxd4 20. Qxe4 Qb6
21. Rd1 e5 22. Qd3 a4 23. c3 axb3 24. cxd4 Rb8 25. dxe5 dxe5 26. Re1 Qa5 27.
Qc3 Qa2+ 28. Kc1 Rd8 0-1

[Event "Kandidatklassen"]
[Site "Skorping"]
[Date "2017.04.11"]
[Round "1"]
[White "Rostgaard, Tobias Valentin"]
[Black "Rossen, Claus"]
[Result "1/2-1/2"]
[WhiteElo "2359"]
[BlackElo "2190"]
[PlyCount "103"]
[EventDate "2017.04.11"]

1. e4 c5 2. Nf3 Nc6 3. Bb5 Nf6 4. Bxc6 dxc6 5. d3 Qc7 6. e5 Ng4 7. Qe2 h5 8.
Nc3 Nh6 9. Bxh6 Rxh6 10. Qe3 b6 11. O-O-O Bg4 12. Rhe1 O-O-O 13. h3 Bxf3 14.
Qxf3 e6 15. Ne4 Rd5 16. Ng5 f5 17. g4 hxg4 18. hxg4 Qe7 19. Nh3 fxg4 20. Qxg4
Qh4 21. Qxh4 Rxh4 22. Ng5 g6 23. c4 Rd7 24. Rg1 Bh6 25. Kc2 Rf4 26. Ne4 g5 27.
Rg2 g4 28. Rh1 Bg7 29. Rh5 Kc7 30. Rg5 Rf5 31. R5xg4 Bxe5 32. Rg6 Re7 33. b3
Bd4 34. Kd2 Kd7 35. Rh2 Rg7 36. Rxg7+ Bxg7 37. Rh7 Rf7 38. Ke2 Re7 39. f4 Bb2
40. Rh2 Rf7 41. Ng5 Rg7 42. Kf3 Bd4 43. Rh5 Bb2 44. Ke4 Bf6 45. Rh6 Bxg5 46.
fxg5 Rxg5 47. Rh7+ Kd6 48. Rxa7 Rg2 49. Ke3 Rb2 50. Kf4 Rd2 51. Ke3 Rb2 52. Kf4
1/2-1/2

[Event "Kandidatklassen"]
[Site "Skorping"]
[Date "2017.04.11"]
[Round "1"]
[White "Brondt, Nicolai Kvist"]
[Black "Laursen, Niels Norskov"]
[Result "1/2-1/2"]
[WhiteElo "2169"]
[BlackElo "2316"]
[PlyCount "143"]
[EventDate "2017.04.11"]

1. c4 Nf6 2. Nf3 c5 3. g3 b6 4. Bg2 Bb7 5. O-O e6 6. d4 cxd4 7. Qxd4 d6 8. Nc3
a6 9. Rd1 Nbd7 10. b3 Be7 11. Bb2 O-O 12. e4 Qc7 13. Qe3 Rfe8 14. Qe2 Bf8 15.
Rd2 Rac8 16. Re1 Qb8 17. e5 Bxf3 18. Qxf3 Nxe5 19. Qe2 Ned7 20. Red1 Red8 21.
f4 Re8 22. Qf1 b5 23. cxb5 axb5 24. Qxb5 Qa7+ 25. Kh1 d5 26. f5 Ng4 27. fxe6
fxe6 28. Qe2 Ngf6 29. Na4 Bb4 30. Rc2 Rxc2 31. Qxc2 Qb8 32. Qc6 Ne5 33. Qb6
Qxb6 34. Nxb6 Neg4 35. Bd4 Rb8 36. h3 Bc3 37. hxg4 Bxd4 38. Nxd5 e5 39. Nxf6+
gxf6 40. Rc1 Rd8 41. Be4 Rd7 42. Kg2 Kg7 43. Kf3 Bb2 44. Rc2 Bd4 45. Bf5 Ra7
46. Ke4 Rb7 47. Kd5 Ra7 48. Kc6 h6 49. b4 Kf7 50. b5 Ke7 51. Bd3 Ra3 52. Bc4
Rxg3 53. b6 Rxg4 54. b7 Ba7 55. Kc7 Rd4 56. Bb5 Rd8 57. Rg2 Bb8+ 58. Kb6 f5 59.
a4 e4 60. Bc6 Kd6 61. Rd2+ Ke7 62. Rxd8 Kxd8 63. a5 Bc7+ 64. Ka7 h5 65. Bb5 h4
66. Bf1 e3 67. b8=Q+ Bxb8+ 68. Kxb8 h3 69. a6 h2 70. Bg2 e2 71. a7 e1=Q 72.
a8=Q 1/2-1/2

[Event "Kandidatklassen"]
[Site "Skorping"]
[Date "2017.04.11"]
[Round "1"]
[White "Lauridsen, Jesper Morch"]
[Black "Jepsen, Thomas Stausholm"]
[Result "1/2-1/2"]
[WhiteElo "2289"]
[BlackElo "2162"]
[PlyCount "49"]
[EventDate "2017.04.11"]

1. e4 d5 2. exd5 Nf6 3. c4 c6 4. Nc3 cxd5 5. d4 Nc6 6. Nf3 Bg4 7. cxd5 Nxd5 8.
Qb3 Bxf3 9. gxf3 Nb6 10. d5 Nd4 11. Bb5+ Nxb5 12. Nxb5 a6 13. Nc3 Nd7 14. Qxb7
g6 15. O-O Bg7 16. Bf4 O-O 17. Bc7 Qc8 18. Qxc8 Rfxc8 19. d6 exd6 20. Nd5 Re8
21. Bxd6 Re2 22. Rac1 Bxb2 23. Rc7 Nf6 24. Nxf6+ Bxf6 25. a3 1/2-1/2

[Event "Kandidatklassen"]
[Site "Skorping"]
[Date "2017.04.11"]
[Round "1"]
[White "Jensen, Jacob Bjerre"]
[Black "Bjerre, Jonas Buhl"]
[Result "1/2-1/2"]
[WhiteElo "2122"]
[BlackElo "2342"]
[PlyCount "75"]
[EventDate "2017.04.11"]

1. d4 Nf6 2. c4 e6 3. Nc3 Bb4 4. Nf3 O-O 5. Bg5 h6 6. Bh4 c5 7. a3 Bxc3+ 8.
bxc3 Qa5 9. Qc2 Ne4 10. Nd2 Nxd2 11. Qxd2 Nc6 12. e3 b6 13. a4 Ba6 14. Be2 cxd4
15. exd4 d5 16. cxd5 exd5 17. O-O Bxe2 18. Qxe2 Qxc3 19. Rad1 Qb3 20. Rd3 Qb4
21. Qh5 Qd6 22. Rfd1 Rae8 23. h3 Re4 24. Bg3 Qe6 25. Kh2 Re8 26. R1d2 Re2 27.
Rxe2 Qxe2 28. Rf3 Nxd4 29. Qxf7+ Kh8 30. Rc3 Qe6 31. Qxa7 Nf5 32. Bc7 d4 33.
Rf3 Qd5 34. Qxb6 d3 35. Qb5 Qxb5 36. axb5 Nd4 37. Rxd3 Nxb5 38. Bg3 1/2-1/2

[Event "Kandidatklassen"]
[Site "Skorping"]
[Date "2017.04.11"]
[Round "1"]
[White "Rewitz, Poul"]
[Black "Petersen, Steen Brustrup"]
[Result "1-0"]
[WhiteElo "2283"]
[BlackElo "2131"]
[PlyCount "79"]
[EventDate "2017.04.11"]

1. g3 e5 2. d4 exd4 3. Nf3 d5 4. Nxd4 Nf6 5. Bg2 c5 6. Nb3 Be6 7. O-O Be7 8.
Nc3 O-O 9. e4 dxe4 10. Nxe4 Nxe4 11. Bxe4 Nc6 12. Be3 c4 13. Nc5 Qxd1 14. Rfxd1
Bxc5 15. Bxc5 Rfd8 16. Kg2 f5 17. Bf3 Kf7 18. h4 g6 19. Kf1 Rac8 20. Be3 b6 21.
a3 Ne7 22. Bg5 Rxd1+ 23. Rxd1 Rc5 24. Rd8 Rc8 25. Rxc8 Bxc8 26. Ke2 Ke6 27. Ke3
f4+ 28. Bxf4 Nf5+ 29. Kd2 Nd4 30. Bg4+ Nf5 31. Kc3 b5 32. Kb4 a6 33. Kc5 Bd7
34. Kb6 Bc8 35. Kc7 Bd7 36. c3 a5 37. Kb6 a4 38. Kc5 Be8 39. Bf3 Ne7 40. Bg5
1-0

[Event "Kandidatklassen"]
[Site "Skorping"]
[Date "2017.04.11"]
[Round "1"]
[White "Kragh, Niels Kristian"]
[Black "Thogersen, Rasmus"]
[Result "0-1"]
[WhiteElo "2124"]
[BlackElo "2208"]
[PlyCount "54"]
[EventDate "2017.04.11"]

1. e4 c5 2. Nf3 d6 3. d4 cxd4 4. Nxd4 Nf6 5. Nc3 a6 6. f4 Qc7 7. Nf3 Nbd7 8.
Bd3 b5 9. a3 Bb7 10. O-O g6 11. Qe1 Bg7 12. f5 Nc5 13. Kh1 O-O 14. Qh4 Rac8 15.
Bh6 e6 16. Ng5 exf5 17. exf5 Qc6 18. Rf3 Rce8 19. Raf1 Re5 20. Bxg7 Kxg7 21.
fxg6 fxg6 22. Rg3 Nxd3 23. cxd3 Nh5 24. Rgf3 Rf4 25. Qf2 Rxg5 26. Rxf4 Qxg2+
27. Qxg2 Bxg2+ 0-1

[Event "Kandidatklassen"]
[Site "Skorping"]
[Date "2017.04.11"]
[Round "1"]
[White "Christensen, Janus"]
[Black "Heimisson, Hilmir Freyr"]
[Result "1-0"]
[WhiteElo "2212"]
[BlackElo "2152"]
[PlyCount "105"]
[EventDate "2017.04.11"]

1. e4 c5 2. Nf3 g6 3. d4 Bg7 4. c3 cxd4 5. cxd4 Nf6 6. Nc3 d5 7. e5 Ne4 8. Qb3
Nxc3 9. bxc3 O-O 10. Bd3 Nc6 11. O-O b6 12. Be3 Bb7 13. Nd2 Rc8 14. Rac1 Na5
15. Qb1 Nc4 16. Nxc4 dxc4 17. Be4 Bxe4 18. Qxe4 Qd7 19. f4 e6 20. Rb1 Qc6 21.
Qxc6 Rxc6 22. a4 Rd8 23. Rb5 Rd5 24. Rfb1 Rxb5 25. Rxb5 a6 26. d5 exd5 27. Rxd5
Bf8 28. Bd4 Be7 29. Rd7 Bc5 30. Kf2 Bxd4+ 31. Rxd4 Kf8 32. Rd8+ Ke7 33. Rb8 Ke6
34. Ke3 Kd5 35. Rd8+ Kc5 36. Ke4 Rc7 37. Rd5+ Kc6 38. Kd4 Kb7 39. g4 h6 40. h4
h5 41. gxh5 gxh5 42. f5 Kc8 43. e6 f6 44. Rd6 b5 45. axb5 axb5 46. Rb6 Rg7 47.
Kd5 Rg3 48. e7 Kd7 49. Rb7+ Ke8 50. Ke6 Re3+ 51. Kxf6 b4 52. Rb8+ Kd7 53. Rd8+
1-0

[Event "Kandidatklassen"]
[Site "Skorping"]
[Date "2017.04.11"]
[Round "1"]
[White "Kristensen, Bjarke Hautop"]
[Black "Boe Olsen, Filip"]
[Result "0-1"]
[WhiteElo "2055"]
[BlackElo "2197"]
[PlyCount "84"]
[EventDate "2017.04.11"]

1. d4 d5 2. c4 c6 3. Nf3 Nf6 4. Nc3 e6 5. Bg5 h6 6. Bh4 g5 7. Bg3 dxc4 8. e4 b5
9. e5 Nd5 10. Nd2 Be7 11. Be2 Bb7 12. Nde4 a6 13. Bh5 b4 14. Na4 Nd7 15. Qg4
Kf8 16. O-O a5 17. Rae1 Rh7 18. f4 gxf4 19. Bxf4 Nxf4 20. Rxf4 Bg5 21. Rf2 Qe7
22. Qf3 c5 23. Naxc5 Nxc5 24. dxc5 Rc8 25. Qe2 Rxc5 26. Nxc5 Qxc5 27. Kh1 Bh4
28. Ref1 Bxf2 29. Rxf2 Qc7 30. Qe3 Bd5 31. Bf3 Qc6 32. Bxd5 Qxd5 33. Rd2 Qc6
34. Rd8+ Ke7 35. Qd4 Rg7 36. Qh4+ Rg5 37. Rd2 Qc5 38. Qxh6 Qxe5 39. Qh4 c3 40.
bxc3 bxc3 41. Rc2 Kf8 42. h3 Rg3 0-1

[Event "Kandidatklassen"]
[Site "Skorping"]
[Date "2017.04.11"]
[Round "1"]
[White "Hoyer, Jacob K"]
[Black "Thybo, Thomas Sondergaard"]
[Result "1-0"]
[WhiteElo "2213"]
[BlackElo "2039"]
[PlyCount "75"]
[EventDate "2017.04.11"]

1. d4 Nf6 2. c4 g6 3. Nc3 Bg7 4. e4 d6 5. Nf3 O-O 6. Be2 e5 7. Be3 Nc6 8. d5
Ne7 9. Nd2 Nd7 10. f3 f5 11. O-O f4 12. Bf2 g5 13. b4 h5 14. Nb5 Nf6 15. Nxa7
Bd7 16. a4 g4 17. Nb5 Bh6 18. c5 Nc8 19. Nc4 gxf3 20. Bxf3 Bg4 21. Qe2 Rf7 22.
cxd6 cxd6 23. a5 Qd7 24. Nb6 Nxb6 25. Bxb6 Rg7 26. Nc7 Rc8 27. Rac1 Ne8 28.
Nxe8 Qxe8 29. Rc2 Rxc2 30. Qxc2 Qb5 31. Qc3 Kh7 32. Rb1 Bg5 33. Qb3 Bh6 34. Qd1
Rg6 35. Qf1 Qd7 36. b5 Rg8 37. Rc1 Bxf3 38. Rc7 1-0

[Event "Kandidatklassen"]
[Site "Skorping"]
[Date "2017.04.11"]
[Round "1"]
[White "Vangsgaard, Freja"]
[Black "Kolbak, Jens"]
[Result "1/2-1/2"]
[WhiteElo "2060"]
[BlackElo "2216"]
[PlyCount "61"]
[EventDate "2017.04.11"]

1. d4 Nf6 2. c4 g6 3. Nc3 Bg7 4. Nf3 d6 5. Bg5 h6 6. Bh4 O-O 7. e3 c6 8. Be2
Re8 9. O-O Bf5 10. b4 Nbd7 11. Qb3 g5 12. Bg3 Ne4 13. Nxe4 Bxe4 14. Nd2 Bg6 15.
Bd3 Nf8 16. Bxg6 Nxg6 17. Rfd1 Qd7 18. Rac1 a6 19. a4 f5 20. Qd3 Qe6 21. h3 Qf6
22. Nf3 Rad8 23. c5 Qf7 24. b5 axb5 25. axb5 dxc5 26. Rxc5 e5 27. Qb1 f4 28.
Bh2 exd4 29. exd4 cxb5 30. Rxb5 Re7 31. Qb4 1/2-1/2

[Event "Kandidatklassen"]
[Site "Skorping"]
[Date "2017.04.11"]
[Round "1"]
[White "Akdag, Dara Sevkan"]
[Black "Davidsen, Niels Chr"]
[Result "1-0"]
[WhiteElo "2235"]
[BlackElo "1952"]
[PlyCount "61"]
[EventDate "2017.04.11"]

1. Nf3 f5 2. d3 Nf6 3. e4 d6 4. Bg5 e5 5. Nc3 Be7 6. Nh4 f4 7. g3 fxg3 8. hxg3
O-O 9. d4 Be6 10. Nf5 Bxf5 11. exf5 exd4 12. Bxf6 Rxf6 13. Bc4+ Kh8 14. Ne4 d5
15. Nxf6 Bxf6 16. Qh5 h6 17. Bb5 c6 18. Be2 Nd7 19. f4 Qc7 20. Qf3 Re8 21. O-O
Re3 22. Qg2 Nc5 23. Bf3 Qb6 24. g4 d3 25. g5 Ne4 26. Kh1 hxg5 27. Bxe4 dxe4 28.
cxd3 exd3 29. fxg5 Bd4 30. f6 Re2 31. Qh3+ 1-0

[Event "Kandidatklassen"]
[Site "Skorping"]
[Date "2017.04.12"]
[Round "2"]
[White "Aabling Thomsen, Jakob"]
[Black "Christensen, Janus"]
[Result "1-0"]
[WhiteElo "2384"]
[BlackElo "2212"]
[PlyCount "71"]
[EventDate "2017.04.11"]

1. Nf3 d5 2. g3 c6 3. Bg2 Nf6 4. O-O Bf5 5. d3 h6 6. Nbd2 Nbd7 7. Re1 e6 8. e4
dxe4 9. dxe4 Bh7 10. e5 Nd5 11. a3 Nc5 12. Nd4 Be7 13. Qg4 O-O 14. b4 Nd7 15.
N2b3 Kh8 16. c4 N5b6 17. Na5 Qc7 18. f4 Rad8 19. Be3 a6 20. Nxb7 Nxc4 21. Nxd8
Nxe3 22. N8xe6 fxe6 23. Rxe3 Qb6 24. Rd1 Bf5 25. Qe2 Nb8 26. Kh1 Rd8 27. Nxf5
Rxd1+ 28. Qxd1 exf5 29. Rc3 a5 30. b5 cxb5 31. Rc8+ Kh7 32. Qd5 Qe3 33. Qg8+
Kg6 34. Qe6+ Bf6 35. Qe8+ Kh7 36. exf6 1-0

[Event "Kandidatklassen"]
[Site "Skorping"]
[Date "2017.04.12"]
[Round "2"]
[White "Boe Olsen, Filip"]
[Black "Rewitz, Poul"]
[Result "0-1"]
[WhiteElo "2197"]
[BlackElo "2283"]
[PlyCount "92"]
[EventDate "2017.04.11"]

1. d4 d5 2. c4 Nc6 3. Nf3 Bg4 4. Nc3 e6 5. cxd5 exd5 6. Bf4 Bd6 7. Bg3 Nge7 8.
e3 O-O 9. Be2 a6 10. O-O Bxg3 11. hxg3 Qd6 12. Ne1 Bxe2 13. Qxe2 Nb8 14. Nd3
Nd7 15. Rfc1 g6 16. Na4 b6 17. Rc2 h5 18. Rac1 c6 19. Qf3 Kg7 20. Qf4 Qxf4 21.
gxf4 a5 22. Ne5 Nxe5 23. fxe5 Rfb8 24. Rc3 h4 25. Rb3 b5 26. Nc5 Rh8 27. Kh2
Ra7 28. Rbc3 g5 29. Kh3 Kg6 30. Kg4 Rf8 31. Nd3 Rc7 32. f4 gxf4 33. Nxf4+ Kh6
34. Kxh4 b4 35. Rc5 Nf5+ 36. Kh3 Kg5 37. Kh2 Nxe3 38. Nh3+ Kf5 39. e6 fxe6 40.
Re1 Ke4 41. Ng5+ Kd3 42. Nxe6 Rh7+ 43. Kg1 Rg8 44. Rxe3+ Kxe3 45. Rxc6 Rgh8 46.
g4 Rh4 0-1

[Event "Kandidatklassen"]
[Site "Skorping"]
[Date "2017.04.12"]
[Round "2"]
[White "Thogersen, Rasmus"]
[Black "Hoyer, Jacob K"]
[Result "1-0"]
[WhiteElo "2208"]
[BlackElo "2213"]
[PlyCount "81"]
[EventDate "2017.04.11"]

1. e4 c5 2. Nf3 Nc6 3. d4 cxd4 4. Nxd4 Nf6 5. Nc3 e5 6. Ndb5 d6 7. Bg5 a6 8.
Na3 b5 9. Bxf6 gxf6 10. Nd5 f5 11. Bd3 Be6 12. c3 Bg7 13. Nxb5 axb5 14. Bxb5
Bd7 15. exf5 O-O 16. O-O Rc8 17. Qa4 Nb8 18. Bxd7 Nxd7 19. Qa6 Rb8 20. Qxd6
Rxb2 21. Rfd1 Rb7 22. Qc6 Ra7 23. c4 Nf6 24. Ne3 Qa8 25. Qb5 Ne4 26. Qb2 Qc6
27. Rd5 Nf6 28. Rb5 Nd7 29. Rd1 e4 30. Qe2 Ne5 31. Rdd5 Re8 32. h3 Nd3 33. Ng4
Nf4 34. Qe3 Nxd5 35. Qxa7 Nc3 36. Rb7 Qxc4 37. f6 Bf8 38. Qe3 Qd5 39. Nh6+ Kh8
40. Nxf7+ Kg8 41. Qg3+ 1-0

[Event "Kandidatklassen"]
[Site "Skorping"]
[Date "2017.04.12"]
[Round "2"]
[White "Laursen, Niels Norskov"]
[Black "Akdag, Dara Sevkan"]
[Result "1-0"]
[WhiteElo "2316"]
[BlackElo "2235"]
[PlyCount "71"]
[EventDate "2017.04.11"]

1. e4 c5 2. Nf3 d6 3. d4 cxd4 4. Nxd4 Nf6 5. Nc3 g6 6. Be2 Nc6 7. O-O Bg7 8.
Nb3 O-O 9. Re1 Ne5 10. Bg5 Re8 11. Qd2 Bd7 12. Bf1 Rc8 13. Nd5 Nxd5 14. exd5 a5
15. Nxa5 Bf5 16. Rec1 Qb6 17. c4 Ng4 18. Nb3 Qxf2+ 19. Qxf2 Nxf2 20. Kxf2 Bxb2
21. a4 Bxa1 22. Rxa1 e5 23. Ra2 Kg7 24. a5 Ra8 25. Be3 Bb1 26. Rb2 Be4 27. Bb6
Rac8 28. Ke3 Bf5 29. c5 dxc5 30. Nxc5 e4 31. Rd2 Re5 32. Be2 h5 33. Nxb7 Rc3+
34. Kd4 Rd3+ 35. Bxd3 e3 36. Re2 1-0

[Event "Kandidatklassen"]
[Site "Skorping"]
[Date "2017.04.12"]
[Round "2"]
[White "Rossen, Claus"]
[Black "Christensen, Tobias Bent"]
[Result "0-1"]
[WhiteElo "2190"]
[BlackElo "2361"]
[PlyCount "78"]
[EventDate "2017.04.11"]

1. e4 g6 2. d4 Bg7 3. Nc3 c6 4. a4 d5 5. Be3 Qa5 6. Qd2 dxe4 7. Nxe4 Qxd2+ 8.
Kxd2 Nh6 9. Nf3 O-O 10. Bc4 Nd7 11. a5 Nf5 12. g4 Nxe3 13. fxe3 Nf6 14. Nxf6+
exf6 15. Rhg1 Re8 16. Ra3 Rb8 17. Rb3 Bd7 18. h3 f5 19. Ng5 Re7 20. Rf1 Bf6 21.
Nxf7 Rxf7 22. gxf5 gxf5 23. e4 Kf8 24. Bxf7 Kxf7 25. exf5 Bg5+ 26. Kd1 Kf6 27.
c4 c5 28. Rd3 cxd4 29. Rxd4 Ba4+ 30. Ke2 Re8+ 31. Kf3 Bc6+ 32. Kg3 Re3+ 33. Kf2
Rb3 34. Re1 Rf3+ 35. Ke2 Rxh3 36. b4 Bf3+ 37. Kf2 Kxf5 38. Re8 Bc6 39. Rg8 Be3+
0-1

[Event "Kandidatklassen"]
[Site "Skorping"]
[Date "2017.04.12"]
[Round "2"]
[White "Jepsen, Thomas Stausholm"]
[Black "Rostgaard, Tobias Valentin"]
[Result "0-1"]
[WhiteElo "2162"]
[BlackElo "2359"]
[PlyCount "64"]
[EventDate "2017.04.11"]

1. Nf3 Nf6 2. g3 d5 3. Bg2 c5 4. O-O Nc6 5. d3 e6 6. Nbd2 Be7 7. e4 b6 8. Re1
Bb7 9. h4 Qc7 10. e5 Nd7 11. Qe2 O-O-O 12. a3 h6 13. d4 g5 14. dxc5 bxc5 15. h5
g4 16. Nh2 Ndxe5 17. Nxg4 Nxg4 18. Qxg4 Rdg8 19. Qd1 Bd6 20. Nf1 d4 21. b4 c4
22. b5 Ne5 23. Qxd4 Nf3+ 24. Bxf3 Bxf3 25. Be3 Bb7 26. Kh2 Be5 27. Qxa7 Rg4 28.
f4 Bxf4 29. Bxf4 Rxf4 30. Qe3 Rf3 31. Qg1 Rg8 32. Re3 Rf5 0-1

[Event "Kandidatklassen"]
[Site "Skorping"]
[Date "2017.04.12"]
[Round "2"]
[White "Thuesen, Mogens Henrik"]
[Black "Lauridsen, Jesper Morch"]
[Result "1/2-1/2"]
[WhiteElo "2192"]
[BlackElo "2289"]
[PlyCount "66"]
[EventDate "2017.04.11"]

1. d4 d5 2. c4 e6 3. Nf3 Nf6 4. g3 c5 5. cxd5 exd5 6. Bg2 Nc6 7. O-O Be7 8. Nc3
O-O 9. Bg5 c4 10. Ne5 Be6 11. f4 h6 12. Bh4 Ng4 13. Bxe7 Nxe7 14. Qd2 Nxe5 15.
fxe5 Qd7 16. Rad1 Rad8 17. e4 b5 18. a3 a6 19. Qf4 a5 20. Qd2 b4 21. axb4 axb4
22. Nxd5 Bxd5 23. exd5 Nxd5 24. Bxd5 Qxd5 25. Qxb4 Rb8 26. Qc5 Qxc5 27. dxc5
Rxb2 28. e6 f6 29. Rf4 c3 30. Rc4 Ra8 31. Rxc3 Raa2 32. c6 Rg2+ 33. Kf1 Raf2+
1/2-1/2

[Event "Kandidatklassen"]
[Site "Skorping"]
[Date "2017.04.12"]
[Round "2"]
[White "Bjerre, Jonas Buhl"]
[Black "Brondt, Nicolai Kvist"]
[Result "1/2-1/2"]
[WhiteElo "2342"]
[BlackElo "2169"]
[PlyCount "98"]
[EventDate "2017.04.11"]

1. e4 c6 2. d4 d5 3. Nc3 dxe4 4. Nxe4 Bf5 5. Ng3 Bg6 6. N1e2 e6 7. Nf4 Bd6 8.
c3 Qh4 9. Nge2 Nd7 10. g3 Qe7 11. Bg2 Ngf6 12. Nxg6 hxg6 13. Bg5 Qd8 14. Qd2
Qc7 15. c4 O-O 16. O-O c5 17. Rfd1 Rad8 18. Nc3 a6 19. d5 Nb6 20. dxe6 Bxg3 21.
exf7+ Kxf7 22. Nd5 Nbxd5 23. hxg3 Nb4 24. Qf4 Qxf4 25. Bxf4 Nd3 26. Bxb7 Nxf4
27. Rxd8 Rxd8 28. gxf4 a5 29. b3 Rd2 30. Kg2 Nh5 31. Kf3 Rd3+ 32. Ke4 Rd4+ 33.
Ke3 Nxf4 34. Rh1 g5 35. Rh8 Rd3+ 36. Ke4 Rd2 37. Rc8 Rxa2 38. Rxc5 Re2+ 39. Kf3
Rxf2+ 40. Kg4 Rb2 41. Rb5 Ke7 42. c5 Ne6 43. Bd5 Nc7 44. Rb7 Kd8 45. Be4 a4 46.
bxa4 Rxb7 47. Bxb7 Ne6 48. a5 Nxc5 49. a6 Nxa6 1/2-1/2

[Event "Kandidatklassen"]
[Site "Skorping"]
[Date "2017.04.12"]
[Round "2"]
[White "Kolbak, Jens"]
[Black "Jensen, Jacob Bjerre"]
[Result "1/2-1/2"]
[WhiteElo "2216"]
[BlackElo "2122"]
[PlyCount "59"]
[EventDate "2017.04.11"]

1. e4 e6 2. d4 d5 3. e5 c5 4. Nf3 Nc6 5. Bd3 cxd4 6. O-O Nge7 7. a3 Nf5 8. Bxf5
exf5 9. Nxd4 Be7 10. Re1 O-O 11. Nc3 Be6 12. Nf3 Qd7 13. Bg5 Rfd8 14. Bxe7 Qxe7
15. Ne2 Na5 16. Ned4 Nc4 17. b3 Na5 18. Qd2 Nc6 19. Qf4 Nxd4 20. Nxd4 Rac8 21.
Nxf5 Bxf5 22. Qxf5 g6 23. Qd3 d4 24. h3 Rc3 25. Qe4 d3 26. cxd3 Rdxd3 27. Rac1
Rxc1 28. Rxc1 Rxb3 29. Qd4 Qe6 30. a4 1/2-1/2

[Event "Kandidatklassen"]
[Site "Skorping"]
[Date "2017.04.12"]
[Round "2"]
[White "Petersen, Steen Brustrup"]
[Black "Vangsgaard, Freja"]
[Result "1-0"]
[WhiteElo "2131"]
[BlackElo "2060"]
[PlyCount "83"]
[EventDate "2017.04.11"]

1. e4 c6 2. d4 d5 3. e5 Bf5 4. h4 h6 5. g4 Bg6 6. h5 Be4 7. f3 Bh7 8. e6 Qd6 9.
exf7+ Kxf7 10. Bd3 g5 11. hxg6+ Bxg6 12. Nh3 Bxd3 13. Qxd3 Qg6 14. Qb3 Nd7 15.
Nf4 Qh7 16. g5 Qf5 17. g6+ Kg7 18. Rh5 Qf6 19. Be3 Qd6 20. Qd3 Ngf6 21. Qf5 Kg8
22. Ne6 Qb4+ 23. Nd2 Bg7 24. O-O-O Nf8 25. Nxf8 Kxf8 26. Qe6 Ke8 27. Rhh1 Rg8
28. Nb3 Qd6 29. Qxd6 exd6 30. Bxh6 Kd7 31. Nd2 Rae8 32. f4 Bxh6 33. Rxh6 Ke6
34. Rg1 Kf5 35. c3 Kxf4 36. g7 Ne4 37. Nxe4 dxe4 38. Kd1 Kf5 39. Rf1+ Kg5 40.
Rh2 d5 41. Rg2+ Kh6 42. Rh1# 1-0

[Event "Kandidatklassen"]
[Site "Skorping"]
[Date "2017.04.12"]
[Round "2"]
[White "Thybo, Thomas Sondergaard"]
[Black "Ramsdal, Jens Albert"]
[Result "0-1"]
[WhiteElo "2039"]
[BlackElo "2204"]
[PlyCount "44"]
[EventDate "2017.04.11"]

1. e4 c5 2. Nf3 e6 3. d4 cxd4 4. Nxd4 Nc6 5. Nc3 Qc7 6. Be3 a6 7. Be2 Nf6 8.
O-O Bb4 9. Na4 Be7 10. Nxc6 bxc6 11. Nb6 Rb8 12. Nxc8 Qxc8 13. Bd4 Qc7 14. f3
Bd6 15. g3 h5 16. Qd2 h4 17. Qg5 hxg3 18. e5 Rh5 19. exd6 Qxd6 20. Qd2 g2 21.
f4 gxf1=Q+ 22. Rxf1 Rd5 0-1

[Event "Kandidatklassen"]
[Site "Skorping"]
[Date "2017.04.12"]
[Round "2"]
[White "Davidsen, Niels Chr"]
[Black "Kragh, Niels Kristian"]
[Result "0-1"]
[WhiteElo "1952"]
[BlackElo "2124"]
[PlyCount "76"]
[EventDate "2017.04.11"]

1. e4 e6 2. d4 d5 3. Nc3 Bb4 4. e5 Ne7 5. a3 Bxc3+ 6. bxc3 c5 7. Bb5+ Nbc6 8.
Ne2 Bd7 9. O-O Nxe5 10. Bxd7+ Nxd7 11. Rb1 Qc7 12. Bf4 Qc6 13. Qd3 b6 14. Rfe1
O-O 15. Bd2 Rac8 16. Ng3 cxd4 17. Qxd4 Ng6 18. Nh5 e5 19. Qg4 f5 20. Qg5 Nf6
21. Nxf6+ Qxf6 22. Qg3 Rc4 23. Qd3 Qd6 24. Rb3 e4 25. Qf1 f4 26. Rd1 Ne5 27.
Be1 a6 28. Rdb1 b5 29. h3 Ra4 30. Rd1 Nc4 31. Qe2 f3 32. Qf1 Rxa3 33. Rbb1 Ra2
34. Rd4 Rxc2 35. Rbd1 Qg6 36. g3 e3 37. Qd3 Qxd3 38. R4xd3 Nb2 0-1

[Event "Kandidatklassen"]
[Site "Skorping"]
[Date "2017.04.12"]
[Round "2"]
[White "Heimisson, Hilmir Freyr"]
[Black "Kristensen, Bjarke Hautop"]
[Result "1-0"]
[WhiteElo "2152"]
[BlackElo "2055"]
[PlyCount "85"]
[EventDate "2017.04.11"]

1. d4 Nf6 2. Nf3 g6 3. g3 Bg7 4. Bg2 O-O 5. O-O c5 6. c3 d6 7. Nbd2 Nc6 8. dxc5
dxc5 9. Qc2 e5 10. e4 Qe7 11. Re1 h6 12. Nf1 Be6 13. Be3 Rad8 14. b3 Rd7 15. h3
Rfd8 16. g4 b6 17. Ng3 Rd6 18. Bf1 Ne8 19. Qb2 Nc7 20. Rac1 Qd7 21. Qb1 Ne7 22.
a4 Nc6 23. b4 cxb4 24. cxb4 Nd4 25. Nxd4 exd4 26. Bf4 Ne8 27. Bb5 Qe7 28. Bxe8
Rxe8 29. Bxd6 Qxd6 30. b5 Qf4 31. Kg2 Be5 32. Rc6 h5 33. Qc1 hxg4 34. Qxf4
gxh3+ 35. Kf3 Bxf4 36. Kxf4 Bb3 37. Rd6 Bxa4 38. Rxd4 Bxb5 39. Kg4 a5 40. Kxh3
Re5 41. Rd5 Rxd5 42. exd5 a4 43. Ne4 1-0

[Event "Kandidatklassen"]
[Site "Skorping"]
[Date "2017.04.13"]
[Round "3"]
[White "Rewitz, Poul"]
[Black "Aabling Thomsen, Jakob"]
[Result "1-0"]
[WhiteElo "2283"]
[BlackElo "2384"]
[PlyCount "117"]
[EventDate "2017.04.11"]

1. g3 d5 2. Bg2 e5 3. Nf3 e4 4. Nd4 c5 5. Nb3 c4 6. Nd4 Bc5 7. c3 Qb6 8. d3
cxd3 9. exd3 Nf6 10. O-O O-O 11. dxe4 dxe4 12. Nd2 Bg4 13. Qe1 Re8 14. N2b3 Bf8
15. Be3 Nd5 16. Bd2 Nd7 17. c4 N5f6 18. Ba5 Qa6 19. Nb5 b6 20. Nc7 Qxc4 21. Rc1
Qa4 22. Bc3 Qxa2 23. Nd2 Rac8 24. Nxe8 Rxe8 25. Ra1 Qe6 26. Rxa7 Nc5 27. Bxf6
gxf6 28. b4 Nd3 29. Qxe4 Be2 30. Qxe6 Rxe6 31. Rb1 f5 32. Bd5 Re7 33. Rxe7 Bxe7
34. Bc4 f4 35. gxf4 Nxf4 36. Bxe2 Nxe2+ 37. Kg2 b5 38. Ne4 Nf4+ 39. Kf3 Nd5 40.
Nc5 Nxb4 41. Rxb4 Bxc5 42. Rxb5 Be7 43. Kg4 Kg7 44. Kf5 Bh4 45. f3 Be7 46. Rb2
Bc5 47. Rg2+ Kf8 48. Rg4 Ba3 49. Kg5 Bc1+ 50. Kh5 Ke7 51. Rg7 h6 52. Rh7 Ke6
53. h4 f6 54. Rxh6 Kf5 55. Rg6 Be3 56. Rg4 Bd2 57. Rd4 Be1 58. Kh6 Bf2 59. Re4
1-0

[Event "Kandidatklassen"]
[Site "Skorping"]
[Date "2017.04.13"]
[Round "3"]
[White "Christensen, Tobias Bent"]
[Black "Thogersen, Rasmus"]
[Result "1-0"]
[WhiteElo "2361"]
[BlackElo "2208"]
[PlyCount "59"]
[EventDate "2017.04.11"]

1. e4 c5 2. Nf3 d6 3. d4 cxd4 4. Nxd4 Nf6 5. f3 e5 6. Nb3 Be6 7. c4 Nbd7 8. Be3
Be7 9. Nc3 O-O 10. Be2 a5 11. Rb1 a4 12. Na1 Qa5 13. Qd2 Rfc8 14. b4 Qa6 15.
Nd5 Bxd5 16. cxd5 b5 17. Nc2 Nb6 18. Na3 Nc4 19. Bxc4 bxc4 20. b5 Qb7 21. Qb4
c3 22. O-O Bd8 23. Nc4 Nxd5 24. exd5 Qxd5 25. Nxd6 c2 26. Nxc8 cxb1=Q 27. Rxb1
Rxc8 28. b6 Qxa2 29. b7 Rc2 30. Qb5 1-0